|
|
|
|
| LEADER |
00000nam a22000007a 4500 |
| 008 |
230523b |||||||| |||| 00| 0 eng d |
| 020 |
|
|
|a 9788123918983
|
| 100 |
|
|
|a LUQMAN, Midhat
|
| 245 |
|
|
|a Production processes
|c / Midhat Luqman
|g xviii, 197p.
|
| 260 |
|
|
|b CBS Pub.
|c 2010rep.2019
|d Book
|h New Delhi
|i 699749
|l TS183.L93
|m Manufacturing processes
|m Production engineering
|m Mabufacturing
|
| 942 |
|
|
|a lcc
|c BK
|e A.R.Akinniyi
|f 23:5:23
|
| 952 |
|
|
|0 0
|1 0
|2 lcc
|4 0
|6 TS0183 L93
|7 0
|9 4229
|a HOL
|b HOL
|c QZ
|d 2023-05-23
|l 0
|o TS183.L93
|p 2023-0158
|r 2023-05-23 00:00:00
|t 699749
|w 2023-05-23
|y BK
|
| 952 |
|
|
|0 0
|1 0
|2 lcc
|4 0
|6 TS0183 L93
|7 0
|9 4365
|a HOL
|b TL
|c QZ
|d 2023-08-14
|l 0
|o TS183.L93
|p 2023-0290
|r 2023-08-14 00:00:00
|t 699748
|w 2023-08-14
|y BK
|
| 999 |
|
|
|c 2121
|d 2121
|